| 000 | 00707cam a2200193 i 4500 | ||
|---|---|---|---|
| 005 | 20260119092840.0 | ||
| 008 | 250721s2006 ua gr 000 0 ara d | ||
| 020 | _a9772085291 | ||
| 082 | 1 | 4 |
_a325.32 _bع ز |
| 100 | 1 |
_aعز الدين، احمد _eمؤلف. |
|
| 245 | 1 | 0 |
_aعصر انحطاط الإمبريالية : _bالعودة إلى منطق موازين القوى العسكرية / _cأحمد عز الدين. |
| 250 | _aالطبعة الأولى. | ||
| 264 | 3 | 1 |
_aالقاهرة : _bمكتبة مدبولي، _c2006. |
| 300 | _a318 صفحة. | ||
| 650 | 1 | 7 | _aالولايات المتحدة. |
| 650 | 1 | 7 | _aالامبريالية. |
| 942 |
_2ddc _cBK |
||
| 999 |
_c128508 _d128508 |
||